| 000 | 00629nam a22001937a 4500 | ||
|---|---|---|---|
| 003 | OSt | ||
| 005 | 20161111175845.0 | ||
| 008 | 161111b xxu||||| |||| 00| 0 eng d | ||
| 020 | _a978-971-9654-24-7 | ||
| 040 | _cLIC | ||
| 082 |
_22016 _aDFil 658.3 _bSe68s |
||
| 100 |
_917133 _aSerrano, Angelita Ong Camilar |
||
| 245 |
_aStrategic human resource management/ _cAngelita Ong camilar-Serrano. |
||
| 260 |
_aManila: _bUnlimited Books Library Services & Publishing, Inc., _cc2016. |
||
| 300 |
_ax, 348 pages; _c25 cm. |
||
| 500 | _aIncludes bibliographical references. | ||
| 650 | 0 |
_917134 _aPersonnel management |
|
| 942 |
_2ddc _cDFIL |
||
| 999 |
_c5562 _d5562 |
||